Largest US Urban Areas Ending in -ville - Statistics

General Stats
  • This quiz has been taken 52 times
  • The average score is 13 of 28
Answer Stats
Rank State City % Correct
1 FL Jacksonville
98%
19 NC Jacksonville
98%
2 TN Nashville
98%
3 KY Louisville
96%
4 TN Knoxville
93%
6 AR Fayetteville
78%
9 NC Fayetteville
78%
8 AL Huntsville
78%
5 SC Greenville
73%
17 NC Greenville
73%
13 IN Evansville
51%
12 FL Gainesville
51%
15 GA Gainesville
51%
10 NC Asheville
49%
14 TN Clarksville
49%
11 TX Brownsville
42%
20 VA Charlottesville
36%
7 CA Victorville
27%
22 WI Janesville
20%
16 WA Marysville
13%
21 CA Vacaville
13%
18 LA Mandeville
7%
28 GA Cartersville
4%
27 GA Hinesville
4%
24 CA Watsonville
4%
23 CA Porterville
2%
25 OH Steubenville
2%
26 FL Titusville
2%
No matching quizzes found
Score Distribution
Percent of People with Each Score
Percentile by Number Answered
Your Score History
You have not taken this quiz